Fetes et traditions Masquees D´Autriche (Record no. 10353)

MARC details
000 -CABECERA
campo de control de longitud fija 01014nam a2200253 a 4500
001 - NÚMERO DE CONTROL
campo de control BRL_1544
005 - FECHA Y HORA DE LA ÚLTIMA TRANSACCIÓN
campo de control 20190320211245.0
008 - DATOS DE LONGITUD FIJA--INFORMACIÓN GENERAL
campo de control de longitud fija 030314s1987----be-ao#####---#000-0#fre-#
041 ## - CÓDIGO DE LENGUA
Código de lengua del texto/banda sonora o título independiente fre
044 ## - CÓDIGO DEL PAÍS DE LA ENTIDAD EDITORA/PRODUCTORA
Código MARC del país be
050 #4 - SIGNATURA TOPOGRÁFICA DE LA BIBLIOTECA DEL CONGRESO
Número de clasificación GT4848.A2
Número de documento/Ítem .F48 1987
245 10 - MENCIÓN DE TÍTULO
Título Fetes et traditions Masquees D´Autriche
Resto del título Musée International du Carnaval et du Masque, Binche : catalogue
Mención de responsabilidad, etc. sous la direction de Michel Revelard.
260 ## - PUBLICACIÓN, DISTRIBUCIÓN, ETC.
Lugar de publicación, distribución, etc. Binche, Belgium
Nombre del editor, distribuidor, etc. Patrimoine du Musée International du Carnaval et du Masque
Fecha de publicación, distribución, etc. 1987
300 ## - DESCRIPCIÓN FÍSICA
Extensión 127 p.
Otras características físicas il., fotografías
Dimensiones 30 cm.
500 ## - NOTA GENERAL
Nota general Au1788
500 ## - NOTA GENERAL
Nota general Musee International du Carnaval et du Masque-Binche, 23 septembre-13 décembre 1987.
504 ## - NOTA DE BIBLIOGRAFÍA, ETC.
Nota de bibliografía, etc. Bibliografía: p. 121-124
610 24 - PUNTO DE ACCESO ADICIONAL DE MATERIA--NOMBRE DE ENTIDAD CORPORATIVA
Nombre de entidad corporativa o nombre de jurisdicción como elemento de entrada Musée International du Carnaval et du Masque
Subdivisión de forma Catálogos
9 (RLIN) 27229
650 14 - PUNTO DE ACCESO ADICIONAL DE MATERIA--TÉRMINO DE MATERIA
Término de materia o nombre geográfico como elemento de entrada Máscaras
Subdivisión de forma Catálogos
Subdivisión geográfica Austria
9 (RLIN) 27230
650 14 - PUNTO DE ACCESO ADICIONAL DE MATERIA--TÉRMINO DE MATERIA
Término de materia o nombre geográfico como elemento de entrada Festivales
Subdivisión de forma Catálogos
Subdivisión geográfica Austria
9 (RLIN) 27231
710 2# - PUNTO DE ACCESO ADICIONAL--NOMBRE DE ENTIDAD CORPORATIVA
Nombre de entidad corporativa o nombre de jurisdicción como elemento de entrada Musée International du Carnaval et du Masque
9 (RLIN) 27232
902 ## - CATALOGADOR
Iniciales GRL
942 ## - ELEMENTOS DE PUNTO DE ACCESO ADICIONAL (KOHA)
Fuente del sistema de clasificación o colocación Library of Congress Classification
Tipo de ítem Koha Libros
Holdings
Estado de retiro Estado de pérdida Estado dañado No para préstamo Localización permanente Ubicación/localización actual Fecha de adquisición Número de inventario Total de préstamos Signatura topográfica completa Código de barras Fecha visto por última vez Precio válido a partir de Tipo de ítem Koha
El ejemplar forma parte de la colección y puede ser consultado según las políticas vigentes.       Biblioteca Centro de Estudios Ruth D. Lechuga Biblioteca Centro de Estudios Ruth D. Lechuga 03/03/2014 Au1788   GT4848.A2 .F48 1987 (Au1788) GRL01703 22/03/2019 22/03/2019 Libros